Tesoro de reglas (Record no. 187091)

MARC details
000 -LEADER
campo de control de longitud fija 00820nam a2200241 i 4500
001 - NÚMERO DE CONTROL
campo de control 187091
003 - IDENTIFICADOR DE NÚMERO DE CONTROL
campo de control SpMaBN
005 - FECHA Y HORA DE LA ÚLTIMA TRANSACCIÓN
campo de control 20240526062942.0
008 - DATOS DE LONGITUD FIJA--INFORMACIÓN GENERAL
campo de control de longitud fija 170412s1985 sp |||| | spa d
020 ## - NÚMERO INTERNACIONAL ESTÁNDAR DEL LIBRO
Número Internacional Estándar del Libro 84-7472-061-3
080 ## - NÚMERO DE LA CLASIFICACIÓN DECIMAL UNIVERSAL
Número de la Clasificación Decimal Universal 811.411.21'36
100 0# - ENTRADA PRINCIPAL--NOMBRE DE PERSONA
Nombre de persona Riosalido, Jesús,
Fechas asociadas al nombre 1937-
9 (RLIN) 97407
245 10 - MENCIÓN DEL TÍTULO
Título Tesoro de reglas
Resto del título : gramática árabe comentada : glosario español /
Mención de responsabilidad, etc. Jesús Riosalido.
246 10 - FORMA VARIANTE DEL TITULO
Título propio/Titulo breve Gramática árabe comentada
Resto del título : glosario español
250 ## - MENCION DE EDICION
Mención de edición 2ª ed.
260 ## - PUBLICACIÓN, DISTRIBUCIÓN, ETC.
Lugar de publicación, distribución, etc. Madrid :
Nombre del editor, distribuidor, etc. Instituto Hipano-Árabe de Cultura,
Fecha de publicación, distribución, etc. 1985.
300 ## - DESCRIPCIÓN FÍSICA
Extensión 75 p. ;
Dimensiones 24 cm.
546 ## - NOTA DE IDIOMA
Nota de lengua/lenguaje Texto en árabe y español.
650 #7 - PUNTO DE ACCESO ADICIONAL DE MATERIA--TÉRMINO DE MATERIA
Término de materia o nombre geográfico como elemento de entrada Lengua árabe-
Subdivisión general Gramática.
9 (RLIN) 14089
710 2# - ENTRADA AGREGADA--NOMBRE DE ENTIDAD CORPORATIVA
Nombre de entidad corporativa o nombre de jurisdicción como elemento de entrada Instituto Hispano-Árabe de Cultura.
9 (RLIN) 162165
852 ## - LOCALIZACIÓN
Ubicación ES-MaACL
Número de control de estantería L-31413
Holdings
Estatus retirado Estado de pérdida Estado de daño No para préstamo Biblioteca de origen Biblioteca actual Ubicación en estantería Fecha de adquisición Fuente de adquisición Total de préstamos Signatura topográfica completa Código de barras Visto por última vez Precio de reemplazo Tipo de ítem Koha
        Biblioteca del Ateneo de Madrid Biblioteca del Ateneo de Madrid Depósito 2 12/04/2017     L-31413 1197379 23/02/2023 23/02/2023 Libro impreso